| 000 | 01114nam a2200325 a 4500 | ||
|---|---|---|---|
| 005 | 20200104041524.0 | ||
| 008 | 140121b1999 ck ||||| |||| 00| 0 spa d | ||
| 040 | _cCO-BoIH | ||
| 041 | _aspa | ||
| 044 | _ack | ||
| 090 |
_aIAvH _b00101 |
||
| 110 |
_bInstituto de Investigación de Recursos Biológicos Alexander von Humboldt. Programa de Política y Legislación _94261 |
||
| 245 |
_aBiodiversidad _banálisis de vigencia y de competencias para Colombia |
||
| 260 |
_aBogotá _bInstituto Alexander von Humboldt _c1999 |
||
| 300 | _a7 vol. | ||
| 650 |
_aRecuperación de biodiversidad _94347 |
||
| 650 |
_aRestauración de biodiversidad _93744 |
||
| 650 |
_aBiodiversidad _992204 |
||
| 650 |
_aRecuperación ambiental _92472 |
||
| 650 |
_aEspecies introducidas _929665 |
||
| 650 |
_aRestauración ecológica _929666 |
||
| 650 |
_aReforestación _929667 |
||
| 650 |
_aRestauración de poblaciones _94348 |
||
| 650 |
_aFauna silvestre _992225 |
||
| 650 |
_aFlora silvestre _9134 |
||
| 650 |
_aSuelos _9287 |
||
| 650 |
_aAreas protegidas _978 |
||
| 650 |
_aRecursos pesqueros _929672 |
||
| 942 |
_cINFORME _2z |
||
| 999 |
_c1732 _d1732 |
||